Surveying for construction / (Record no. 10523)

000 -LEADER
fixed length control field 00625pam a2200229 a 4500
003 - CONTROL NUMBER IDENTIFIER
control field OSt
005 - DATE AND TIME OF LATEST TRANSACTION
control field 20220329133247.0
008 - FIXED-LENGTH DATA ELEMENTS--GENERAL INFORMATION
fixed length control field 941221s1995 enkab 001 0 eng
010 ## - LIBRARY OF CONGRESS CONTROL NUMBER
LC control number 94048598
020 ## - INTERNATIONAL STANDARD BOOK NUMBER
International Standard Book Number 9780077079987
040 ## - CATALOGING SOURCE
Original cataloging agency DLC
Transcribing agency DLC
Modifying agency DLC
082 00 - DEWEY DECIMAL CLASSIFICATION NUMBER
Classification number 526.9/2
Edition number 20
100 1# - MAIN ENTRY--PERSONAL NAME
Personal name Irvine, William Hyslop.
245 10 - TITLE STATEMENT
Title Surveying for construction /
Statement of responsibility, etc William Irvine.
250 ## - EDITION STATEMENT
Edition statement 4th ed.
260 ## - PUBLICATION, DISTRIBUTION, ETC. (IMPRINT)
Place of publication, distribution, etc London ;
-- New York :
Name of publisher, distributor, etc McGraw-Hill Book Co.,
Date of publication, distribution, etc c1995.
300 ## - PHYSICAL DESCRIPTION
Extent x, 414 p. :
Other physical details ill., maps ;
Dimensions 30 cm.
500 ## - GENERAL NOTE
General note Includes index.
650 #0 - SUBJECT ADDED ENTRY--TOPICAL TERM
Topical term or geographic name as entry element Surveying.
650 #0 - SUBJECT ADDED ENTRY--TOPICAL TERM
Topical term or geographic name as entry element Building sites.
942 ## - ADDED ENTRY ELEMENTS (KOHA)
Source of classification or shelving scheme
Holdings
Withdrawn status Lost status Source of classification or shelving scheme Damaged status Koha normalized classification for sorting Not for loan Permanent location Current location Date acquired Source of acquisition Cost, normal purchase price Full call number Barcode Date last seen Cost, replacement price Price effective from Koha item type
        526_900000000000000_2   BMS College of Architecture, Design and Planning BMS College of Architecture, Design and Planning 2022-03-28 6 1396.50 526.9/2 AR-UG2615 2022-03-29 1995.00 2022-03-29 UG Books
Copyright © 2025, The Librarian, Library and Information Centre, BMSCA D&P, Bengaluru. All Rights Reserved
web counter

Powered by Koha